Accountability and control of public enterprises

Bibliographic Details
Main Author: Hill, D.J
Other Authors: Kulasingham, L. T., Mittal, C. P.
Format: Book
Published: Kuala Lumpur : Asian Organasition of Supreme Audit Institute (ASOSAT) , 1989
Subjects:

MARC

LEADER 00000cam a2200000 7i4500
001 0000007608
005 20161109.0
020 |a 983.99503 
040 |a INS 
090 0 0 |a HD1393.25   |b H645A 1989 
100 0 |a Hill, D.J. 
245 0 0 |a Accountability and control of public enterprises   |c D.J. Hill, C.P.Mittal, L.T.Kulasingam 
260 |a Kuala Lumpur :   |b Asian Organasition of Supreme Audit Institute (ASOSAT) ,   |c 1989 
300 |a 283p. :   |b 25 cm 
650 0 0 |a Government business enterprises 
700 1 |a Kulasingham, L. T. 
700 1 |a Mittal, C. P. 
999 |a 0000023458   |b BOOK   |c Open Shelf   |e Default branch